00587nam a2200181 a 45000010005000000030009000050080041000140200015000550400028000700820016000981000031001142450083001452600046002283000016002746500020002906500050003106500045003608640CO-ViMGA141112s2004 ck r 000 u spa d a9583306347 aCO-ViMGAbspacCO-ViMGA04a513.93 G81m1 aGualteros Villarreal, Omar10aMatematicas Financieras Aplicada a los Negocios / cGualteros Villarreal Omar  aBogotá, cEd. Graficos Colombia, c1997 a92 p. 24 cm14ainteres - tipos14aMatematicas financieras - estudio y ensenanza14aTasas de interes - problemas, ejercicios